Trigo candeal: calidad, mercado y zonas de cultivo

Tallennettuna:
Bibliografiset tiedot
Päätekijät: Acevedo Hinojosa, Edmundo (Tekijä), Silva Candia, Paola del Carmen (Tekijä)
Aineistotyyppi: Kirja
Kieli:espanja
Julkaistu: Santiago Universidad de Chile 2007
Aiheet:
Tagit: Lisää tagi
Ei tageja, Lisää ensimmäinen tagi!

MARC

LEADER 00000nam a2200000 a 4500
001 UCI6417
003 CL-VaPUC
008 080509e20070000CL |||||||||||||||||spa|d
020 |a 9789561903630 
082 0 4 |a 633.11  |b ACE  |2 21 
100 0 |a Acevedo Hinojosa, Edmundo  |e author  |9 529330 
700 0 |a Silva Candia, Paola del Carmen  |e author  |9 529331 
245 1 0 |a Trigo candeal: calidad, mercado y zonas de cultivo 
300 |a 182 p 
942 |c BK 
945 |d 20080509 00:00:00  |a rbrito 
260 |a Santiago  |b Universidad de Chile  |c 2007 
650 0 |a Trigo  |9 329002 
650 0 |a Cultivo  |9 264268 
650 0 |a Control de calidad   |9 259714 
650 0 |a Comercialización   |9 259326 
650 7 |a EXPORTACIONES  |2 CL-VaPUC  |9 255382 
650 7 |a COMERCIO INTERNACIONAL  |2 CL-VaPUC  |9 529332 
650 0 |a Genética  |9 259443 
650 7 |a CRECIMIENTO  |2 CL-VaPUC  |9 529333 
650 0 |a Control de plagas  |9 327373 
583 |a last modification  |c 20190618 11:43:12  |k Rodrigo Vera 
999 |c 329928  |d 329926 
952 |0 0  |1 0  |4 0  |6 633_110000000000000_ACE_2007  |7 0  |8 A  |9 415146  |a BIBAGR  |b BIBAGR  |d 2019-11-22  |i 443675K  |o 633.11 ACE 2007  |p 443675K  |r 2025-01-20  |w 2019-11-22  |y BK  |k AGR